<?xml version="1.0" encoding="UTF-8"?>
<record
    xmlns:xsi="http://www.w3.org/2001/XMLSchema-instance"
    xsi:schemaLocation="http://www.loc.gov/MARC21/slim http://www.loc.gov/standards/marcxml/schema/MARC21slim.xsd"
    xmlns="http://www.loc.gov/MARC21/slim">

  <leader>01743nam0a2200313   4500</leader>
  <controlfield tag="001">RU\NLR\BIBL_A\010919669</controlfield>
  <controlfield tag="005">20260407125023.0</controlfield>
  <datafield tag="010" ind1=" " ind2=" ">
    <subfield code="a">978-5-91259-006-1</subfield>
  </datafield>
  <datafield tag="035" ind1=" " ind2=" ">
    <subfield code="a">(NLR Aleph) 010919669</subfield>
  </datafield>
  <datafield tag="090" ind1=" " ind2=" ">
    <subfield code="a">10670795</subfield>
    <subfield code="c">10670795</subfield>
  </datafield>
  <datafield tag="100" ind1=" " ind2=" ">
    <subfield code="a">20151207d2009    |||y0rusy50      ca</subfield>
  </datafield>
  <datafield tag="101" ind1="0" ind2=" ">
    <subfield code="a">rus</subfield>
  </datafield>
  <datafield tag="102" ind1=" " ind2=" ">
    <subfield code="a">RU</subfield>
  </datafield>
  <datafield tag="105" ind1=" " ind2=" ">
    <subfield code="a">a   g   000yy</subfield>
  </datafield>
  <datafield tag="200" ind1="1" ind2=" ">
    <subfield code="a">&#x412;&#x440;&#x435;&#x434;&#x43D;&#x44B;&#x435; &#x432;&#x435;&#x449;&#x435;&#x441;&#x442;&#x432;&#x430; &#x432; &#x43E;&#x43A;&#x440;&#x443;&#x436;&#x430;&#x44E;&#x449;&#x435;&#x439; &#x441;&#x440;&#x435;&#x434;&#x435;</subfield>
    <subfield code="i">&#x42D;&#x43B;&#x435;&#x43C;&#x435;&#x43D;&#x442;&#x43E;&#x43E;&#x440;&#x433;&#x430;&#x43D;&#x438;&#x447;&#x435;&#x441;&#x43A;&#x438;&#x435; &#x441;&#x43E;&#x435;&#x434;&#x438;&#x43D;&#x435;&#x43D;&#x438;&#x44F; I-IV &#x433;&#x440;&#x443;&#x43F;&#x43F; &#x43F;&#x435;&#x440;&#x438;&#x43E;&#x434;&#x438;&#x447;&#x435;&#x441;&#x43A;&#x43E;&#x439; &#x441;&#x438;&#x441;&#x442;&#x435;&#x43C;&#x44B;</subfield>
    <subfield code="e">[&#x441;&#x43F;&#x440;&#x430;&#x432;&#x43E;&#x447;&#x43D;&#x438;&#x43A;-&#x44D;&#x43D;&#x446;&#x438;&#x43A;&#x43B;&#x43E;&#x43F;&#x435;&#x434;&#x438;&#x44F;]</subfield>
    <subfield code="f">&#x420;&#x43E;&#x441;. &#x430;&#x43A;&#x430;&#x434;. &#x435;&#x441;&#x442;&#x435;&#x441;&#x442;&#x432;. &#x43D;&#x430;&#x443;&#x43A;</subfield>
    <subfield code="g">[&#x41B;.&#x410;. &#x410;&#x43B;&#x438;&#x43A;&#x431;&#x430;&#x435;&#x432;&#x430; &#x438; &#x434;&#x440;.]</subfield>
    <subfield code="g">&#x43F;&#x43E;&#x434; &#x440;&#x435;&#x434;. &#x434;.&#x431;.&#x43D;. &#x412;.&#x410;. &#x424;&#x438;&#x43B;&#x43E;&#x432;&#x430; [&#x438; &#x434;&#x440;.]</subfield>
  </datafield>
  <datafield tag="210" ind1=" " ind2=" ">
    <subfield code="a">&#x421;&#x430;&#x43D;&#x43A;&#x442;-&#x41F;&#x435;&#x442;&#x435;&#x440;&#x431;&#x443;&#x440;&#x433;</subfield>
    <subfield code="c">&#x41F;&#x440;&#x43E;&#x444;&#x435;&#x441;&#x441;&#x438;&#x43E;&#x43D;&#x430;&#x43B;</subfield>
    <subfield code="d">2009</subfield>
  </datafield>
  <datafield tag="215" ind1=" " ind2=" ">
    <subfield code="a">370 &#x441;.</subfield>
    <subfield code="c">&#x438;&#x43B;.</subfield>
    <subfield code="d">29</subfield>
  </datafield>
  <datafield tag="320" ind1=" " ind2=" ">
    <subfield code="a">&#x411;&#x438;&#x431;&#x43B;&#x438;&#x43E;&#x433;&#x440;. &#x432; &#x43A;&#x43E;&#x43D;&#x446;&#x435; &#x441;&#x442;.</subfield>
  </datafield>
  <datafield tag="606" ind1="1" ind2=" ">
    <subfield code="a">&#x41E;&#x43A;&#x440;&#x443;&#x436;&#x430;&#x44E;&#x449;&#x430;&#x44F; &#x441;&#x440;&#x435;&#x434;&#x430;</subfield>
    <subfield code="j">&#x421;&#x43F;&#x440;&#x430;&#x432;&#x43E;&#x447;&#x43D;&#x438;&#x43A;&#x438;</subfield>
    <subfield code="x">&#x417;&#x430;&#x433;&#x440;&#x44F;&#x437;&#x43D;&#x435;&#x43D;&#x438;&#x435; &#x44D;&#x43B;&#x435;&#x43C;&#x435;&#x43D;&#x442;&#x43E;&#x43E;&#x440;&#x433;&#x430;&#x43D;&#x438;&#x447;&#x435;&#x441;&#x43A;&#x438;&#x43C;&#x438; &#x441;&#x43E;&#x435;&#x434;&#x438;&#x43D;&#x435;&#x43D;&#x438;&#x44F;&#x43C;&#x438;</subfield>
    <subfield code="9">2129400</subfield>
    <subfield code="3">RU\NLR\AUTH\661588825</subfield>
  </datafield>
  <datafield tag="606" ind1="1" ind2=" ">
    <subfield code="a">&#x42D;&#x43B;&#x435;&#x43C;&#x435;&#x43D;&#x442;&#x43E;&#x43E;&#x440;&#x433;&#x430;&#x43D;&#x438;&#x447;&#x435;&#x441;&#x43A;&#x438;&#x435; &#x441;&#x43E;&#x435;&#x434;&#x438;&#x43D;&#x435;&#x43D;&#x438;&#x44F;</subfield>
    <subfield code="j">&#x421;&#x43F;&#x440;&#x430;&#x432;&#x43E;&#x447;&#x43D;&#x438;&#x43A;&#x438;</subfield>
    <subfield code="x">&#x422;&#x43E;&#x43A;&#x441;&#x438;&#x447;&#x43D;&#x43E;&#x441;&#x442;&#x44C;</subfield>
    <subfield code="9">2118307</subfield>
    <subfield code="3">RU\NLR\AUTH\661583023</subfield>
  </datafield>
  <datafield tag="686" ind1="1" ind2=" ">
    <subfield code="a">&#x420;121.102.5&#x44F;22</subfield>
  </datafield>
  <datafield tag="686" ind1="1" ind2=" ">
    <subfield code="a">&#x420;284.4&#x44F;22</subfield>
  </datafield>
  <datafield tag="702" ind1=" " ind2="1">
    <subfield code="4">220</subfield>
    <subfield code="a">&#x410;&#x43B;&#x438;&#x43A;&#x431;&#x430;&#x435;&#x432;&#x430;</subfield>
    <subfield code="b">&#x41B;. &#x410;.</subfield>
    <subfield code="g">&#x41B;&#x438;&#x43B;&#x438;&#x44F; &#x410;&#x431;&#x434;&#x443;&#x43B;&#x43D;&#x44F;&#x438;&#x43C;&#x43E;&#x432;&#x43D;&#x430;</subfield>
    <subfield code="9">152769</subfield>
    <subfield code="3">RU\NLR\AUTH\770152807</subfield>
  </datafield>
  <datafield tag="702" ind1=" " ind2="1">
    <subfield code="a">&#x424;&#x438;&#x43B;&#x43E;&#x432;</subfield>
    <subfield code="b">&#x412;. &#x410;.</subfield>
    <subfield code="g">&#x412;&#x43B;&#x430;&#x434;&#x438;&#x43C;&#x438;&#x440; &#x410;&#x43B;&#x435;&#x43A;&#x441;&#x430;&#x43D;&#x434;&#x440;&#x43E;&#x432;&#x438;&#x447;</subfield>
    <subfield code="4">340</subfield>
  </datafield>
  <datafield tag="712" ind1="0" ind2="2">
    <subfield code="4">570</subfield>
    <subfield code="a">&#x420;&#x43E;&#x441;&#x441;&#x438;&#x439;&#x441;&#x43A;&#x430;&#x44F; &#x430;&#x43A;&#x430;&#x434;&#x435;&#x43C;&#x438;&#x44F; &#x435;&#x441;&#x442;&#x435;&#x441;&#x442;&#x432;&#x435;&#x43D;&#x43D;&#x44B;&#x445; &#x43D;&#x430;&#x443;&#x43A;</subfield>
    <subfield code="3">RU\NLR\AUTH\889968404</subfield>
    <subfield code="9">433185</subfield>
  </datafield>
  <datafield tag="942" ind1=" " ind2=" ">
    <subfield code="c">BOOK</subfield>
  </datafield>
  <datafield tag="980" ind1=" " ind2=" ">
    <subfield code="a">NB</subfield>
  </datafield>
  <datafield tag="995" ind1=" " ind2=" ">
    <subfield code="5">2015-12-07</subfield>
    <subfield code="a">ab</subfield>
    <subfield code="b">NLR01</subfield>
    <subfield code="c">NLR01</subfield>
    <subfield code="e">RF9</subfield>
    <subfield code="f">1-1129510</subfield>
    <subfield code="k">2015-8/4616</subfield>
    <subfield code="o">0</subfield>
    <subfield code="p">200.00</subfield>
    <subfield code="r">BOOK</subfield>
    <subfield code="s">201584616_</subfield>
  </datafield>
</record>
